ՀՀ Գիտությունների ազգային ակադեմիայի հիմնարար գիտական գրադարան  =   Fundamental Scientific Library of NAS RA

Интродукция и селекция южных и новых плодовых растений / (Record no. 302446)

MARC details
000 -LEADER
fixed length control field 01348nam a2200277 i 4500
001 - CONTROL NUMBER
control field 000843630
003 - CONTROL NUMBER IDENTIFIER
control field AM-YeHGA
005 - DATE AND TIME OF LATEST TRANSACTION
control field 20250617144910.0
008 - FIXED-LENGTH DATA ELEMENTS--GENERAL INFORMATION
fixed length control field 020227s1983 un r 000 0 rus d
040 ## - CATALOGING SOURCE
Original cataloging agency AM-YeHGA
041 0# - LANGUAGE CODE
Language code of text/sound track or separate title rus
090 ## - LOCALLY ASSIGNED LC-TYPE CALL NUMBER (OCLC); LOCAL CALL NUMBER (RLIN)
-- 304145
245 00 - TITLE STATEMENT
Title Интродукция и селекция южных и новых плодовых растений /
Statement of responsibility, etc. [И. М. Шайтан, П. А. Мороз, С. В. Клименко и др.; Отв. ред. Г. М. Илькун]; АН УССР, Центр. респ. ботан. сад.
260 ## - PUBLICATION, DISTRIBUTION, ETC.
Place of publication, distribution, etc. Киев :
Name of publisher, distributor, etc. Наук. думка,
Date of publication, distribution, etc. 1983.
300 ## - PHYSICAL DESCRIPTION
Extent 215 с. :
Other physical details ил. ;
Dimensions 22 см.
500 ## - GENERAL NOTE
General note Авт. указаны на обороте тит. л.
504 ## - BIBLIOGRAPHY, ETC. NOTE
Bibliography, etc. note Библиогр.: с. 204-214
653 0# - INDEX TERM--UNCONTROLLED
Uncontrolled term Плодовые культуры - Акклиматизация и интродукция - - УССР
653 0# - INDEX TERM--UNCONTROLLED
Uncontrolled term Плодовые культуры - Селекция - УССР
700 1# - ADDED ENTRY--PERSONAL NAME
Personal name Шайтан, Иван Миронович
700 1# - ADDED ENTRY--PERSONAL NAME
Personal name Мороз, П.А.
700 1# - ADDED ENTRY--PERSONAL NAME
Personal name Клименко, С.В.
700 1# - ADDED ENTRY--PERSONAL NAME
Personal name Илькун, Григорий Михайлович
Relator term ред.
Relationship edt
710 2# - ADDED ENTRY--CORPORATE NAME
Corporate name or jurisdiction name as entry element Академия наук УССР
710 2# - ADDED ENTRY--CORPORATE NAME
Corporate name or jurisdiction name as entry element Центральный республиканский ботанический сад АН УССР
Holdings
Withdrawn status Lost status Damaged status Not for loan Collection Home library Current library Date acquired Total checkouts Full call number Barcode Date last seen Price effective from Koha item type Public note
        General Fundamental Scientific Library Fundamental Scientific Library 09/01/2017   PII/512405 FL0209600 09/01/2017 09/01/2017 Գրքեր / Books 30 Days Loan


ՀՀ ԳԱԱ հիմնարար գիտական գրադարան
ՀՀ,Երևան 0019
Մարշալ Բաղրամյան 24/6
հեռախոս:(374-10) 52-47-50
Հետադարձ կապ

All site content, except where otherwise noted, is licensed under a
Creative Commons License